000 00932nam a22002297a 4500
005 20240530110621.0
008 160905s2014 ua a f 000 0 ara d
017 _a2010/17655
_bمصر . دار الكتب المصريه
020 _a9789772088076
040 _aEG-CaGPL
082 0 4 _221
_a962.16
_bق/ أ م
100 0 _aأحمد محمد على .
245 1 2 _aالمنشات المعماريه فى عصر الخديوى اسماعيل :
_bدراسه تاريخيه اثريه /
_cاحمد محمد على غباشى .
250 _aط1 .
260 _aالقاهره :
_bمكتبه مدبولى ،
_c2014 .
300 _a284 ص :
_bايض ؛
_c24 سم .
490 0 _aصفحات من تاريخ مصر
_v61
504 _aببليوجرافيه : ص 265 - 276
651 0 4 _aمصر
_xتاريخ
_yعصر اسماعيل من (1863 - 1879 م ) .
942 _2ddc
_cBK
999 _c63050
_d63050